| 000 | 00346pab a2200145 454500 | ||
|---|---|---|---|
| 008 | 180718b1995 xxu||||| |||| 00| 0 eng d | ||
| 100 | _aRandhawa, Narinder S. | ||
| 245 | _aEducation needs reorientation. | ||
| 260 | _c1995 | ||
| 300 | _ap.10 | ||
| 362 | _a29 Apr | ||
| 650 | _aEducation, Primary - India | ||
| 773 | _aTribune | ||
| 909 | _a28907 | ||
| 999 |
_c28907 _d28907 |
||